Flags hidden inside the coat of arm flags. - Statistics

General Stats
  • This quiz has been taken 21 times
  • The average score is 6 of 9
Answer Stats
Picture Answer % Correct
United Kingdom
100%
Vietnam
95%
Italy
89%
Ukraine
79%
Poland/Indonesia
74%
France/Finland
68%
Netherlands/Monaco
68%
Hungary
58%
Switzerland
16%
No matching quizzes found
Score Distribution
Percent of People with Each Score
Percentile by Number Answered
Your Score History
You have not taken this quiz